MARC

LEADER 00000nam0a2200000 4500
001 364658
005 20231102011718.0
035 |a (RuTPU)RU\TPU\retro\22016 
090 |a 364658 
100 |a 20211123d1980 m y0rusy50 ca 
101 0 |a rus 
102 |a RU 
105 |a a j 001zy 
200 1 |a Оптимизация условий резания на технологической операции  |e лекции  |f М. И. Клушин, Г. В. Гостев  |g Горьковский политехнический институт имени А. А. Жданова 
210 |a Горький  |c [Б. и.]  |d 1980 
215 |a 55 с.  |c ил. 
320 |a Библиогр.: с. 52-53 
606 1 |a Резание металлов  |x Оптимизация  |2 stltpush  |3 (RuTPU)RU\TPU\subj\24524  |9 48857 
610 1 |a технологические операции 
610 1 |a нормативы 
610 1 |a режимы резания 
610 1 |a расчет 
610 1 |a лекции 
610 1 |a учебные пособия 
675 |a 621.91.014(075.8)  |v 4 
700 1 |a Клушин  |b М. И.  |g Моисей Исаакович 
701 1 |a Гостев  |b Г. В.  |g Геннадий Васильевич 
712 0 2 |a Горьковский политехнический институт имени А. А. Жданова  |c (1950-1990)  |2 stltpush  |3 (RuTPU)RU\TPU\col\2321  |9 23675 
801 1 |a RU  |b 63413507  |c 20211123 
942 |c BK